Bioestratigrafía y micropaleontología del Paleoceno y Eoceno del borde sud-oriental de la depresión del Ebro / (Record no. 180427)

MARC details
000 -LEADER
campo de control de longitud fija 00902nam a2200229 i 4500
001 - NÚMERO DE CONTROL
campo de control 180427
003 - IDENTIFICADOR DE NÚMERO DE CONTROL
campo de control ES-MaACL
005 - FECHA Y HORA DE LA ÚLTIMA TRANSACCIÓN
campo de control 20250814080957.0
008 - DATOS DE LONGITUD FIJA--INFORMACIÓN GENERAL
campo de control de longitud fija 120601s1969 sp |||| | spa d
080 ## - NÚMERO DE LA CLASIFICACIÓN DECIMAL UNIVERSAL
Número de la Clasificación Decimal Universal 551.78(043.2)
080 ## - NÚMERO DE LA CLASIFICACIÓN DECIMAL UNIVERSAL
Número de la Clasificación Decimal Universal 56(467.1)(043.2)
100 1# - ENTRADA PRINCIPAL--NOMBRE DE PERSONA
Nombre de persona Ferrer Modolell, Jorge.
9 (RLIN) 150315
245 10 - MENCIÓN DEL TÍTULO
Título Bioestratigrafía y micropaleontología del Paleoceno y Eoceno del borde sud-oriental de la depresión del Ebro /
Mención de responsabilidad, etc. por Jorge Ferrer Modolell.
260 ## - PUBLICACIÓN, DISTRIBUCIÓN, ETC.
Lugar de publicación, distribución, etc. Barcelona :
Nombre del editor, distribuidor, etc. Universidad de Barcelona, Secretariado de Publicaciones, Intercambio Científico y Extensión Universitaria],
Fecha de publicación, distribución, etc. 1969.
300 ## - DESCRIPCIÓN FÍSICA
Extensión 20 p. ;
Dimensiones 24 cm.
502 ## - NOTA DE TESIS
Nota de tesis Tesis-Universidad Barcelona (Extracto)
650 #4 - PUNTO DE ACCESO ADICIONAL DE MATERIA--TÉRMINO DE MATERIA
Término de materia o nombre geográfico como elemento de entrada Micropaleontología.
9 (RLIN) 150316
650 07 - PUNTO DE ACCESO ADICIONAL DE MATERIA--TÉRMINO DE MATERIA
Término de materia o nombre geográfico como elemento de entrada Paleontología
Fuente del encabezamiento o término embne
9 (RLIN) 15808
710 2# - ENTRADA AGREGADA--NOMBRE DE ENTIDAD CORPORATIVA
Nombre de entidad corporativa o nombre de jurisdicción como elemento de entrada Universidad de Barcelona.
9 (RLIN) 7141
852 ## - LOCALIZACIÓN
Ubicación ES-MaACL
Número de control de estantería E-15362(22)
Holdings
Estatus retirado Estado de pérdida Estado de daño No para préstamo Biblioteca de origen Biblioteca actual Ubicación en estantería Fecha de adquisición Fuente de adquisición Total de préstamos Signatura topográfica completa Código de barras Visto por última vez Precio de reemplazo Tipo de ítem Koha
        Biblioteca del Ateneo de Madrid Biblioteca del Ateneo de Madrid Depósito 2 01/06/2012     E-15362(22) 1189583 23/02/2023 23/02/2023 Libro impreso